Vista normal Vista MARC

Entrada Geographic Name

Número de registros utilizados en: 1

001 - CONTROL NUMBER

  • control field: 38222

003 - CONTROL NUMBER IDENTIFIER

  • control field: OSt

005 - DATE AND TIME OF LATEST TRANSACTION

  • control field: 20210608183913.0

008 - FIXED-LENGTH DATA ELEMENTS

  • fixed length control field: 210608|| aca||aabn | a|a d

040 ## - CATALOGING SOURCE

  • Original cataloging agency: OSt
  • Transcribing agency: OSt

151 ## - HEADING--GEOGRAPHIC NAME

  • Geographic name: América Latina
  • General subdivision: Civilización

670 ## - SOURCE DATA FOUND

  • Source citation: Work cat.: (OSt)11701: Harrison, Lawrence E. autor 1932- 38219, El subdesarrollo está en la mente : , 1989.